Tractatus navigationis et commerciorum inter ... Annam, ... Magnæ Britanniæ, Franciæ, & Hiberniæ, reginam, ... & ... Philippum V. ... Hispaniarum Regem Catholicum, conclusus Trajecti ad Rhenum die 28 Novembris/9 Decembris anno 1713. = Treaty of navigation and commerce between ... Anne, ... Queen of Great Britain, France and Ireland, ... and ... Philip the Vth, the Catholick King of Spain, concluded at Utrecht the 28/9 day of November/December 1713.

Bibliographic Details
Corporate Authors: Great Britain, Spain
Format: eBook
Language:English
Series:Eighteenth century collections online.
Online Access:Full text online

MARC

Tag First Indicator Second Indicator Subfields
LEADER 00000cam a2200000 4500
001 in00001884708
006 m | d |
007 cr |n||||||||n
008 820210s1714 enk|||| s o00| ||eng d
005 20260403175050.0
035 |a (CStRLIN)ESTCT51506 
040 |a Uk-ES  |c Uk-ES  |d Cu-RivES  |d CStRLIN  |d Thomson Gale  |d UtOrBLW 
110 1 |a Great Britain. 
240 1 0 |a Treaties, etc. Spain, 1713-12-09 
245 1 0 |a Tractatus navigationis et commerciorum inter ... Annam, ... Magnæ Britanniæ, Franciæ, & Hiberniæ, reginam, ... & ... Philippum V. ... Hispaniarum Regem Catholicum, conclusus Trajecti ad Rhenum die 28 Novembris/9 Decembris anno 1713. = Treaty of navigation and commerce between ... Anne, ... Queen of Great Britain, France and Ireland, ... and ... Philip the Vth, the Catholick King of Spain, concluded at Utrecht the 28/9 day of November/December 1713. 
264 3 |a London :  |b printed by John Baskett, and by the assigns of Thomas Newcomb, and Henry Hills, deceas'd,  |c 1714. 
300 |a 134p. ;  |c 4⁰. 
336 |a text  |b txt  |2 rdacontent 
337 |a computer  |b c  |2 rdamedia 
338 |a online resource  |b cr  |2 rdacarrier 
500 |a Latin, English and Spanish text, printed in two columns to the page. 
500 |a Also issued without pp. 129-134. 
500 |a Reproduction of original from the "Department of Special Collections, Kenneth Spencer Research Library, University of Kansas". 
510 4 |a Goldsmiths',  |c 5114 
510 4 |a Hanson,  |c 1994 
510 4 |a English Short Title Catalog,  |c ESTCT51506. 
533 |a Electronic reproduction.  |b Farmington Hills, Mich. :  |c Thomson Gale,  |d 2003.  |n Available via the World Wide Web.  |n Access limited by licensing agreements  |7 s2003 miunns 
500 |a Electronic resource. 
710 1 |a Spain.  |t Treaties, etc.  |g Great Britain,  |d 1713-12-09. 
830 0 |a Eighteenth century collections online. 
856 4 0 |u http://proxy.library.tamu.edu/login?url=https://galenet.galegroup.com/servlet/ECCO?c=1&stp=Author&ste=11&af=BN&ae=T051506&tiPG=1&dd=0&dc=flc&docNum=CW107966138&vrsn=1.0&srchtp=a&d4=0.33&n=10&SU=0LRL+OR+0LRI&locID=txshracd2898  |z Full text online  |t 0 
999 |a MARS 
999 f f |s 471c6107-30dd-3d76-9378-68b3d4470cc6  |i cbcee3d7-9e54-3b0d-bb13-224820925776  |t 0 
952 f f |a Texas A&M University  |b College Station  |c Electronic Resources  |s www_evans  |d Available Online  |t 0  |h No information provided 
998 f f |t 0  |l Available Online